LEADER 01983nam 2200409 n 450 001 996390096703316 005 20200824120634.0 035 $a(CKB)4940000000099545 035 $a(EEBO)2240859031 035 $a(UnM)99829358e 035 $a(UnM)99829358 035 $a(EXLCZ)994940000000099545 100 $a19950602d1669 uy | 101 0 $alat 135 $aurbn||||a|bb| 200 00$aClavis Gręcę linguę$b[electronic resource] $etribus partibus distincta: quarum, I. Breves sententię Gręcę linguę primitiva, quocunq[ue] modo inclusa, comprehenduntur II. Omnes totius linguę Gręcę voces primogenię, in vulgari lexico occurentes, alphabetice? disponuntur, nec-non earundem derivata pręcipua subjunguntur. III. Vocabula Latino-Gręca. Opusculum apprime? utile, & maxime? accommodum iis qui linguę Gręcę studio capiuntur. Autore Eilardo Lubino 205 $aEdito novissima. Superioribus omnibus multo? repurgatior, & locupletior reddita. 210 $aLondini $ctypis Johannis Macock, impensis Abelis Roper sub signo Solis in vico vulgo? vocato fleet-street$d1669 215 $a[4], 50, [4], 342 p 300 $a"Clavis Gręcę linguę. Pars posterior" has separate dated title page. Pagination and register are continuous. 300 $aReproduction of original in the University of Illinois (Urbana-Champaign Campus). Library. 330 $aeebo-0167 606 $aLatin language$xDictionaries$xGreek$vEarly works to 1800 606 $aGreek language$xDictionaries$xLatin$vEarly works to 1800 606 $aQuotations, Greek$vEarly works to 1800 615 0$aLatin language$xDictionaries$xGreek 615 0$aGreek language$xDictionaries$xLatin 615 0$aQuotations, Greek 700 $aLubin$b Eilhard$f1565-1621.$0329788 801 0$bCu-RivES 801 1$bCu-RivES 801 2$bCStRLIN 801 2$bWaOLN 906 $aBOOK 912 $a996390096703316 996 $aClavis Gręcę linguę$92348342 997 $aUNISA LEADER 00965nas 2200349 c 450 001 9910893932303321 005 20260218112932.0 035 $a(CKB)5280000000203180 035 $a(DE-599)ZDB2896284-9 035 $a(DE-101)1133570739 035 $a(DE-599)2896284-9 035 $a(EXLCZ)995280000000203180 100 $a20170607a20169999 |y | 101 0 $ager 135 $aur||||||||||| 181 $ctxt$2rdacontent 182 $cc$2rdamedia 183 $acr$2rdacarrier 200 00$aHighlights ..$fifw Kiel, Institut fu?r Weltwirtschaft 210 31$aKiel$cInstitut fu?r Weltwirtschaft$d[2016]- 215 $aOnline-Ressource 517 $aHighlights / ifw Kiel, Institut für Weltwirtschaft 517 1 $aIfW Highlights 608 $aZeitschrift$2gnd-content 676 $a330 801 0$b0206 801 1$bDE-101 801 2$b9001 906 $aJOURNAL 912 $a9910893932303321 996 $aHighlights$93108431 997 $aUNINA